The Cade Cunningham Quiz - Statistics

General Stats
  • This quiz has been taken 49 times
  • The average score is 5 of 8
Answer Stats
Hint Answer % Correct
What current NBA team does he play for? Detroit Pistons
95%
How highly was he ranked coming out of High School? 1st
71%
What NBA Team did he face off against in his first playoff appearance? New York Knicks
63%
Where did Cade Cunningham go to College? Oklahoma State
63%
What State is Cade from? Texas
63%
What High School did he play for? Monteverde
61%
What other current NBA Player did he play with at Monteverde? Scottie Barnes
50%
What pick did the Pistons use to select him? 1st Overall
24%
No matching quizzes found
Score Distribution
Percent of People with Each Score
Percentile by Number Answered
Your Score History
You have not taken this quiz